Saint Augustine Confessions / (Record no. 117790)
[ view plain ]
| 000 -LEADER | |
|---|---|
| fixed length control field | 01352cam a2200337 a 4500 |
| 001 - CONTROL NUMBER | |
| control field | 2944240 |
| 003 - CONTROL NUMBER IDENTIFIER | |
| control field | ARRUPE |
| 005 - DATE AND TIME OF LATEST TRANSACTION | |
| control field | 20150327020005.0 |
| 008 - FIXED-LENGTH DATA ELEMENTS--GENERAL INFORMATION | |
| fixed length control field | 900612s1991 enk b 001 0aeng |
| 010 ## - LIBRARY OF CONGRESS CONTROL NUMBER | |
| LC control number | 90040827 |
| 020 ## - INTERNATIONAL STANDARD BOOK NUMBER | |
| International Standard Book Number | 0192817795 : |
| Terms of availability | £17.50 (est.) |
| 040 ## - CATALOGING SOURCE | |
| Original cataloging agency | DLC |
| Transcribing agency | DLC |
| Modifying agency | DLC |
| 041 1# - LANGUAGE CODE | |
| Language code of text/sound track or separate title | eng |
| Language code of original and/or intermediate translations of text | lat |
| 043 ## - GEOGRAPHIC AREA CODE | |
| Geographic area code | f-ae--- |
| 050 00 - LIBRARY OF CONGRESS CALL NUMBER | |
| Classification number | BR65.A6 |
| Item number | E5 1991 |
| 082 00 - DEWEY DECIMAL CLASSIFICATION NUMBER | |
| Classification number | 270.2/092 |
| -- | B |
| Edition number | 21 |
| 300 ## - PHYSICAL DESCRIPTION | |
| Dimensions | 23 cm. |
| 100 0# - MAIN ENTRY--PERSONAL NAME | |
| Personal name | Augustine, |
| Titles and other words associated with a name | Saint, Bishop of Hippo. |
| 9 (RLIN) | 170 |
| 240 10 - UNIFORM TITLE | |
| Uniform title | <a href="Confessiones.">Confessiones.</a> |
| Language of a work | English |
| 245 10 - TITLE STATEMENT | |
| Title | Saint Augustine Confessions / |
| Statement of responsibility, etc | Henry Chadwick. |
| 260 ## - PUBLICATION, DISTRIBUTION, ETC. (IMPRINT) | |
| Place of publication, distribution, etc | Oxford ; |
| Name of publisher, distributor, etc | Oxford University Press, |
| Date of publication, distribution, etc | 1991. |
| 300 ## - PHYSICAL DESCRIPTION | |
| Extent | xxviii, 311 p. ; |
| 600 00 - SUBJECT ADDED ENTRY--PERSONAL NAME | |
| Personal name | Augustine, |
| Titles and other words associated with a name | Saint, Bishop of Hippo. |
| 9 (RLIN) | 171 |
| 610 20 - SUBJECT ADDED ENTRY--CORPORATE NAME | |
| Corporate name or jurisdiction name as entry element | Catholic Church |
| Geographic subdivision | Algeria |
| -- | Hippo (Extinct city) |
| General subdivision | Bishops |
| Form subdivision | Biography. |
| 9 (RLIN) | 172 |
| 650 #0 - SUBJECT ADDED ENTRY--TOPICAL TERM | |
| Topical term or geographic name as entry element | Christian saints |
| Geographic subdivision | Algeria |
| -- | Hippo (Extinct city) |
| Form subdivision | Biography. |
| 9 (RLIN) | 173 |
| 700 1# - ADDED ENTRY--PERSONAL NAME | |
| Personal name | Chadwick, Henry, |
| Dates associated with a name | 1920-2008. |
| 9 (RLIN) | 174 |
| 856 42 - ELECTRONIC LOCATION AND ACCESS | |
| Materials specified | Publisher description |
| Uniform Resource Identifier | <a href="http://www.loc.gov/catdir/enhancements/fy0637/90040827-d.html">http://www.loc.gov/catdir/enhancements/fy0637/90040827-d.html</a> |
| 856 42 - ELECTRONIC LOCATION AND ACCESS | |
| Materials specified | Contributor biographical information |
| Uniform Resource Identifier | <a href="http://www.loc.gov/catdir/enhancements/fy0724/90040827-b.html">http://www.loc.gov/catdir/enhancements/fy0724/90040827-b.html</a> |
| 906 ## - LOCAL DATA ELEMENT F, LDF (RLIN) | |
| a | 7 |
| b | cbc |
| c | orignew |
| d | 1 |
| e | ocip |
| f | 19 |
| g | y-gencatlg |
| 942 ## - ADDED ENTRY ELEMENTS (KOHA) | |
| Source of classification or shelving scheme | Library of Congress Classification |
| Koha item type | Monograph ( Printed materials) |
| Koha issues (borrowed), all copies | 6 |
| Withdrawn status | Lost status | Source of classification or shelving scheme | Damaged status | Not for loan | Collection code | Home library | Current library | Shelving location | Date acquired | Total Checkouts | Full call number | Barcode | Date last seen | Date checked out | Price effective from | Koha item type | Checked out |
|---|---|---|---|---|---|---|---|---|---|---|---|---|---|---|---|---|---|
| Library of Congress Classification | Main Collection | ARRUPE LIBRARY | ARRUPE LIBRARY | Main Collection | 16/09/2013 | 11 | BR65.A91C6 1991 | 46411763 | 20/02/2023 | 07/02/2023 | 16/09/2013 | Monograph ( Printed materials) | |||||
| Library of Congress Classification | Main Collection | ARRUPE LIBRARY | ARRUPE LIBRARY | Main Collection | 16/09/2013 | 12 | BR65.A91C6 1991 | 46410730 | 04/04/2025 | 04/04/2025 | 16/09/2013 | Monograph ( Printed materials) | 18/04/2025 | ||||
| Library of Congress Classification | Main Collection | ARRUPE LIBRARY | ARRUPE LIBRARY | Main Collection | 16/09/2013 | 9 | BR65.A91.C6 1991 | 46410731 | 26/02/2024 | 16/02/2024 | 16/09/2013 | Monograph ( Printed materials) | |||||
| Library of Congress Classification | Main Collection | ARRUPE LIBRARY | ARRUPE LIBRARY | Main Collection | 16/09/2013 | 11 | BR65.A91.C6 1991 | 46410732 | 04/04/2025 | 04/04/2025 | 16/09/2013 | Monograph ( Printed materials) | 18/04/2025 | ||||
| Library of Congress Classification | Main Collection | ARRUPE LIBRARY | ARRUPE LIBRARY | Main Collection | 16/09/2013 | 11 | BR65.A91.C6 1991 | 46410733 | 16/02/2024 | 30/01/2024 | 16/09/2013 | Monograph ( Printed materials) |